| 000 | 00969nam a22002537a 4500 | ||
|---|---|---|---|
| 005 | 20170124103009.0 | ||
| 010 | _aA-830622 | ||
| 020 |
_c60.00 _a8171451012 |
||
| 035 | _aA-830622 | ||
| 037 | _bCen Lib/Ret | ||
| 040 |
_aDPL _bHN |
||
| 082 |
_aउ _bआशापू |
||
| 100 |
_aआशापूर्णा देवी _956997 |
||
| 245 |
_aत्रिपदी / _cआशापूर्णा देवी |
||
| 246 |
_aTripdi / _bby Aashapoorna Devi |
||
| 260 |
_aदिल्ली _bसन्मार्ग प्रकाशन _c1997 |
||
| 270 |
_a16-यू.बी.बैंगलो रोड _bदिल्ली _e110007 |
||
| 300 |
_a83पृ. _c20सेमी (सजिल्द) |
||
| 650 |
_aहिन्दी -- साहित्य _956998 |
||
| 650 |
_aहिन्दी -- उपन्यास _956999 |
||
| 650 |
_aHindi -- Literature _957000 |
||
| 650 |
_aHindi -- Fiction _927248 |
||
| 942 |
_2ddc _cHN _hउ _mआशापू |
||
| 999 |
_c114486 _d114486 |
||